The object primer : the application developer's guide to object orientation and the UML /

Bibliographic Details
Main Author: Ambler, Scott W., 1966-
Format: Book
Language:English
Published: Cambridge ; New York : Cambridge University Press : SIGS Books, 2001.
Edition:2nd ed., rev. and expanded.
Series:Managing object technology series ; 22.
Subjects:

MARC

Tag First Indicator Second Indicator Subfields
LEADER 00000cam a22000004a 4500
001 in00001619709
005 20151023060418.0
008 001211s2001 enka b 001 0 eng
010 |a  00068948  
016 |a 20010081348 
020 |a 0521785197 (pbk.) 
035 |a (OCoLC)ocm45582578 
040 |a DLC  |c DLC  |d TXA  |d UtOrBLW 
042 |a pcc 
049 |a TXAM 
050 0 0 |a QA76.64  |b .A494 2001 
082 0 0 |a 005.1/17  |2 21 
100 1 |a Ambler, Scott W.,  |d 1966- 
245 1 4 |a The object primer :  |b the application developer's guide to object orientation and the UML /  |c Scott W. Ambler. 
250 |a 2nd ed., rev. and expanded. 
264 1 |a Cambridge ;  |a New York :  |b Cambridge University Press :  |b SIGS Books,  |c 2001. 
300 |a xxiii, 523 pages :  |b illustrations ;  |c 24 cm. 
336 |a text  |b txt  |2 rdacontent 
337 |a unmediated  |b n  |2 rdamedia 
338 |a volume  |b nc  |2 rdacarrier 
490 1 |a Managing object technology series ;  |v 22 
504 |a Includes bibliographical references (pages 499-504) and index. 
650 0 |a Object-oriented methods (Computer science) 
830 0 |a Managing object technology series ;  |v 22. 
948 |a cataloged  |b h  |c 2001/7/12  |d c  |e dmitchel  |f 9:08:18 am 
994 |a E0  |b TXA 
999 |a MARS 
999 f f |s 733d8a50-1f21-3406-b81d-506e37599794  |i 405a6610-085b-35ac-97d5-bfac01783447  |t 0 
952 f f |p ric  |a Texas A&M University  |b Rellis Campus  |c Joint Library Facility  |d Remote Storage  |t 0  |e QA76.64 .A494 2001  |h Library of Congress classification  |i unmediated -- volume  |m A14827857598 
998 f f |a QA76.64 .A494 2001  |t 0  |l Remote Storage